000
00325nam a22001457a 4500
003
OSt
008
231026b |||||||| |||| 00| 0 eng d
041
_a
hin
082
_a
891.54
_b
HAR/CH
100
_a
Hariaud
_9
5538
245
_a
Chand sitare
260
_a
Varanasi
_b
Hindi Pracharak Pustakalay
300
_a
32
942
_c
BK
999
_c
17755
_d
17755